[Event "Cali Parada op 4th"]
[Site "Cali"]
[Date "2015.05.31"]
[Round "6"]
[White "Zuleta, Juan Carlos"]
[Black "Rodriguez, Sofia"]
[Result "1-0"]
[WhiteElo "1864"]
[BlackElo "1769"]
[PlyCount "23"]
[EventDate "2015.05.29"]
[EventType "swiss"]
[EventRounds "7"]
[EventCountry "COL"]
[SourceTitle "EXT 2016"]
[Source "ChessBase"]
[SourceDate "2015.10.08"]
[SourceVersion "1"]
[SourceVersionDate "2015.10.08"]
[SourceQuality "1"]

1. e4 c5 2. Nc3 a6 3. a4 b6 4. g3 Bb7 5. Bg2 e6 6. f4 Ne7 7. d3 g6 8. Nf3 Bg7 9. 0-0 0-0 10. f5 exf5 11. Nh4 f4 12. Bxf4 1-0